000 00462nam a22001457a 4500
008 161013b xxu||||| |||| 00| 0 eng d
082 _22005
_aDFil 371.12076
_bV71
100 _916078
_aVillanueva, Jason
245 _aThe LET connection:
_btowards a successful review (Science)/
_cJason Villanueva
260 _as.l. :
_bs.n.,
_c n.d.
300 _a65 pages ;
_c22 cm.
650 0 _916079
_aEducation -- Examinations.
365 _b495.00
_cPhp.
942 _2ddc
_cDFIL
999 _c5173
_d5173